Loading...
| History - European | 0 | 8 | 0 | 3 | 80 | 64 | 107.38 | 0 | 5 | 0.00 | 0.00 |
| Philosophy | 0 | 4 | 1 | 1 | 35 | 66 | 86.25 | 2 | 3 | 0.00 | 0.00 |
| History - American | 0 | 4 | 1 | 1 | 35 | 76 | 91.25 | 2 | 3 | 0.00 | 0.00 |
| Religion | 0 | 3 | 1 | 1 | 25 | 113 | 133.67 | 0 | 1 | 0.00 | 0.00 |
| Pop Culture | 0 | 3 | 1 | 0 | 25 | 77 | 96.33 | 0 | 1 | 0.00 | 0.00 |
| History - Other | 0 | 3 | 1 | 0 | 25 | 51 | 70.67 | 0 | 2 | 0.00 | 0.00 |
| History - World | 0 | 4 | 3 | 3 | 25 | 71 | 108.75 | 1 | 4 | 0.00 | 0.00 |
| Fine Arts - Other | 0 | 2 | 0 | 0 | 20 | 71 | 82.50 | 1 | 2 | 0.00 | 0.00 |
| Science - Physics | 0 | 3 | 2 | 0 | 20 | 78 | 96.00 | 0 | 3 | 0.00 | 0.00 |
| Current Events | 0 | 1 | 0 | 0 | 10 | 133 | 133.00 | 0 | 0 | 0.00 | 0.00 |
| Geography | 0 | 1 | 0 | 0 | 10 | 107 | 107.00 | 0 | 0 | 0.00 | 0.00 |
| Science - Chemistry | 0 | 1 | 0 | 1 | 10 | 123 | 123.00 | 0 | 0 | 0.00 | 0.00 |
| Social Science | 0 | 2 | 2 | 0 | 10 | 71 | 91.50 | 1 | 2 | 0.00 | 0.00 |
| Literature - European | 0 | 1 | 1 | 0 | 5 | 89 | 89.00 | 0 | 1 | 0.00 | 0.00 |
| Science - Other | 0 | 0 | 1 | 0 | -5 | 0.00 | 0 | 0 | 0.00 | 0.00 | |
| Fine Arts - Painting and Sculpture | 0 | 0 | 1 | 0 | -5 | 0.00 | 0 | 0 | 0.00 | 0.00 |